Statistiques concernant Docteurs de fiction

Cliquez ici pour prendre le quiz!

Statistiques générales

  • Ce quiz a été pris 23 fois
  • Le résultat moyen est 10 sur 34

Statistiques - réponses

DocteurUnivers% Correct
Le DocteurDocteur Who
72%
Dr HouseDr House
56%
Dr StrangeDocteur Strange
56%
Dr DolittleDocteur Dolittle
50%
Dr FacilierLa Princesse et la Grenouille
44%
Dr FolamourDocteur Folamour
44%
Dr GreyGrey's Anatomy
44%
Dr JekyllDocteur Jekyll & Mr Hyde
44%
Dr MarioDocteur Mario
44%
Dr NoJames Bond
44%
Dr QuinnDocteur Quinn:femme
médecin
44%
Dr SlumpDocteur Slump
44%
Dr WatsonSherlock Holmes
44%
Dr FrankensteinLe Monstre de Frankenstein
39%
Dr BannerHulk
33%
Dr EggmanSonic the Hedgehog
33%
Dr JonesIndiana Jones
33%
Dr OctopusSpider-Man
33%
Dr BrownRetour vers le Futur
28%
Dr Chopper/Dr VegapunkOne Piece
22%
Dr GangInspecteur Gadget
22%
Dr GeroDragon Ball Z
22%
Dr MullerLes Aventures de Tintin
17%
Dr Neo CortexCrash Bandicoot
17%
Dr ZoidbergFuturama
17%
Dr CiboulotAnimal Crossing
11%
Dr FatalisLes Quatre Fantastiques
11%
Dr GrantJurassic Park
11%
Dr McCoyStar Trek
11%
Dr CarterUrgences
6%
Dr HibbertThe Simpson
6%
Dr JagerL'Attaque des Titans
6%
Dr Karl TastroffLuigi's Mansion
6%
Dr ScullyX-Files
6%

Distribution des résultats

Percentile par nombre de réponses

% des personnes avec chaque résultat

Votre développement - résultats

Vous n’avez pas pris ce quiz